| Tag |
First Indicator |
Second Indicator |
Subfields |
| LEADER |
00000cam a2200000 4500 |
| 001 |
in00000736021 |
| 005 |
20151016070738.0 |
| 008 |
800619s1914 nyua 00010 eng d |
| 035 |
|
|
|a (OCoLC)06440573
|
| 035 |
|
|
|9 ADE3575AM
|
| 040 |
|
|
|a TXA
|c TXA
|d UtOrBLW
|
| 049 |
|
|
|a TXAM
|c [3442]
|
| 090 |
|
|
|a SB360
|b .W3
|
| 092 |
|
|
|a 634
|b W354
|
| 100 |
1 |
|
|a Waugh, F. A.
|q (Frank Albert),
|d 1869-1943.
|
| 245 |
1 |
0 |
|a Fruit harvesting, storing, marketing ;
|b a practical guide to the picking, sorting, packing, storing, shipping, and marketing of fruit /
|c by F. A. Waugh ...
|
| 264 |
|
1 |
|a New York :
|b Orange Judd company,
|c 1914.
|
| 300 |
|
|
|a viii pages, 1 ., 224 pages including frontispiece, illustrations ;
|c 19 cm.
|
| 336 |
|
|
|a text
|b txt
|2 rdacontent
|
| 337 |
|
|
|a unmediated
|b n
|2 rdamedia
|
| 338 |
|
|
|a volume
|b nc
|2 rdacarrier
|
| 650 |
|
0 |
|a Fruit.
|
| 650 |
|
0 |
|a Fruit trade.
|
| 999 |
|
|
|a MARS
|
| 999 |
f |
f |
|s 382df563-efbe-3c59-a570-96d81ad10546
|i f20dbaa2-9b58-32db-a142-c348353b714a
|t 0
|
| 952 |
f |
f |
|p ric
|a Texas A&M University
|b Rellis Campus
|c Joint Library Facility
|d Remote Storage
|t 0
|e SB360 .W3
|h Library of Congress classification
|i unmediated -- volume
|m A14801075885
|
| 998 |
f |
f |
|a SB360 .W3
|t 0
|l Remote Storage
|